| 000 | 01061cam a2200301 a 4500 | ||
|---|---|---|---|
| 001 | 13863799 | ||
| 003 | OSt | ||
| 005 | 20140310182015.0 | ||
| 008 | 050207r20052004meu cd 000 1 eng | ||
| 010 | _a 2005003434 | ||
| 020 | _a9781516910459 | ||
| 040 |
_aDLC _cDLC _dDLC |
||
| 042 | _alcac | ||
| 050 | 1 | 0 |
_aPZ 7 _b.K11 2005 |
| 082 |
_aKF _bK11k 2005 |
||
| 100 | 1 |
_aKadohata, Cynthia. _95903 |
|
| 245 | 1 | 0 |
_aKira-kira / _cCynthia Kadohata. |
| 250 | _aLarge print ed. | ||
| 260 |
_aNew York : _bSimon and Schuster, _c2005. |
||
| 300 |
_a231 p. ; _c23 cm. |
||
| 520 | _aChronicles the close friendship between two Japanese-American sisters growing up in rural Georgia during the late 1950s and early 1960s, and the despair when one sister becomes terminally ill. | ||
| 541 | _j1 | ||
| 650 | 1 |
_aFiction _9746 |
|
| 651 | 1 |
_aGeorgia _xHistory _y20th century _vFiction. _96418 |
|
| 906 |
_a7 _bcbc _corignew _d1 _eecip _f20 _gy-gencatlg |
||
| 942 |
_2lcc _cBK-KF _kKF |
||
| 999 |
_c8209 _d8209 |
||